Big Van Vader's career opponents - Statistics

General Stats
  • This quiz has been taken 237 times
    189 since last reset
  • The average score is 49 of 112
Answer Stats
Answer % Correct
Ric Flair
95%
Sting
95%
Bret "Hitman" Hart
92%
Cactus Jack
92%
Owen Hart
92%
"Stone Cold" Steve Austin
92%
The Undertaker
92%
Ron Simmons
89%
Shawn Michaels
89%
Davey Boy Smith
87%
Dustin Rhodes
87%
Hulk Hogan
87%
Sid
87%
Yokozuna
84%
Stan Hansen
82%
The Rock
82%
Triple H
82%
Ahmed Johnson
79%
Arn Anderson
76%
Barry Windham
76%
Kane
76%
Jake "The Snake" Roberts
74%
Marc Mero
74%
Rick Steiner
74%
Ricky "The Dragon" Steamboat
74%
Bart Gunn
71%
D'Lo Brown
71%
Ken Shamrock
71%
Mark Henry
71%
Savio Vega
71%
Bam Bam Bigelow
68%
Heath Slater
68%
2 Cold Scorpio
63%
Bradshaw
63%
Marcus Alexander Bagwell
63%
Masahiro Chono
63%
The Godfather
63%
Tom Zenk
63%
Antonio Inoki
61%
Jeff Jarrett
61%
Razor Ramon
61%
Brad Armstrong
58%
Henry O. Godwinn
58%
Jesse Jammes
58%
Bob Holly
55%
"Hacksaw" Jim Duggan
55%
Phineas I. Godwinn
55%
The Barbarian
55%
The Ultimate Warrior
53%
Edge
50%
Fatu
50%
Val Venis
50%
Michael "P.S." Hayes
47%
Nikita Koloff
47%
Paul Roma
47%
Tatsumi Fujinami
47%
Al Snow
45%
Kurrgan
45%
The Patriot
45%
Bruiser Brody
42%
Marty Jannetty
42%
Scott Norton
42%
Duke "The Dumpster" Droese
39%
Keiji Muto
34%
Van Hammer
34%
Riki Choshu
32%
The Guardian Angel
32%
Bill Irwin
29%
Dutch Mantell
29%
Necro Butcher
29%
P.N. News
29%
Freddie Joe Floyd
26%
Larry Zbyszko
26%
Rip Rogers
26%
Rockabilly
26%
Johnny Ace
24%
Kenta Kobashi
24%
Maxx Payne
24%
Mitsuhara Misawa
24%
Shinya Hashimoto
24%
Jerry Sags
21%
Pierre
21%
Tony Atlas
21%
Will Ospreay
18%
Kengo Kimura
16%
Tiger Jeet Singh
16%
El Gigante
13%
Masa Saito
13%
Kenzo Suzuki
11%
Nick Bockwinkel
11%
Boris Zhukov
8%
Jacques Rougeau
8%
Justin Credible
8%
Otto Wanz
8%
Koji Kitao
5%
Doug Somers
3%
George Takano
3%
Joey Maggs
3%
Naoki Sano
3%
Seiji Sakaguchi
3%
Takao Omori
3%
Tony Halme
3%
Big Vito
0%
Black Bart
0%
Bram
0%
Gary Albright
0%
Giant Haystacks
0%
Julio Sanchez
0%
Kevin Kelly
0%
Nord the Barbarian
0%
Super Strong Machine
0%
The Italian Stallion
0%
No matching quizzes found
Score Distribution
Percent of People with Each Score
Percentile by Number Answered
Your Score History
You have not taken this quiz since the last reset